<?xml version="1.0" encoding="UTF-8"?>
<record
    xmlns:xsi="http://www.w3.org/2001/XMLSchema-instance"
    xsi:schemaLocation="http://www.loc.gov/MARC21/slim http://www.loc.gov/standards/marcxml/schema/MARC21slim.xsd"
    xmlns="http://www.loc.gov/MARC21/slim">

  <leader>01253nam0a22002771  4500</leader>
  <controlfield tag="001">rc\4083050</controlfield>
  <controlfield tag="005">20260407132005.0</controlfield>
  <datafield tag="021" ind1=" " ind2=" ">
    <subfield code="a">RU</subfield>
    <subfield code="b">[50-8439]</subfield>
  </datafield>
  <datafield tag="035" ind1=" " ind2=" ">
    <subfield code="a">(NLR Aleph) 007902469</subfield>
  </datafield>
  <datafield tag="090" ind1=" " ind2=" ">
    <subfield code="a">8046559</subfield>
    <subfield code="c">8046559</subfield>
  </datafield>
  <datafield tag="100" ind1=" " ind2=" ">
    <subfield code="a">20130415d1950    |||y0rusy50      ca</subfield>
  </datafield>
  <datafield tag="101" ind1="0" ind2=" ">
    <subfield code="a">rus</subfield>
  </datafield>
  <datafield tag="102" ind1=" " ind2=" ">
    <subfield code="a">RU</subfield>
  </datafield>
  <datafield tag="105" ind1=" " ind2=" ">
    <subfield code="a">a   z   |||||</subfield>
  </datafield>
  <datafield tag="200" ind1="1" ind2=" ">
    <subfield code="a">&#x41F;&#x435;&#x440;&#x435;&#x434;&#x432;&#x438;&#x436;&#x43D;&#x430;&#x44F; &#x431;&#x435;&#x442;&#x43E;&#x43D;&#x43E;&#x43C;&#x435;&#x448;&#x430;&#x43B;&#x43A;&#x430; &#x421;-199</subfield>
    <subfield code="e">&#x420;&#x443;&#x43A;&#x43E;&#x432;&#x43E;&#x434;&#x441;&#x442;&#x432;&#x43E; &#x43F;&#x43E; &#x44D;&#x43A;&#x441;&#x43F;&#x43B;&#x443;&#x430;&#x442;&#x430;&#x446;&#x438;&#x438;</subfield>
    <subfield code="f">&#x41C;-&#x432;&#x43E; &#x441;&#x442;&#x440;&#x43E;&#x438;&#x442;. &#x438; &#x434;&#x43E;&#x440;. &#x43C;&#x430;&#x448;&#x438;&#x43D;&#x43E;&#x441;&#x442;&#x440;&#x43E;&#x435;&#x43D;&#x438;&#x44F; &#x421;&#x421;&#x421;&#x420;. &#x413;&#x43B;&#x430;&#x432;&#x441;&#x442;&#x440;&#x43E;&#x439;&#x43C;&#x435;&#x445;&#x430;&#x43D;&#x438;&#x437;&#x430;&#x446;&#x438;&#x44F;. &#x422;&#x440;&#x435;&#x441;&#x442; "&#x421;&#x442;&#x440;&#x43E;&#x439;&#x43C;&#x435;&#x445;&#x430;&#x43D;&#x438;&#x437;&#x430;&#x446;&#x438;&#x44F;"</subfield>
  </datafield>
  <datafield tag="210" ind1=" " ind2=" ">
    <subfield code="a">&#x41C;&#x43E;&#x441;&#x43A;&#x432;&#x430;</subfield>
    <subfield code="c">&#x418;&#x437;&#x434;-&#x432;&#x43E; &#x438; 1-&#x44F; &#x442;&#x438;&#x43F;. &#x41C;&#x430;&#x448;&#x433;&#x438;&#x437;&#x430; &#x432; &#x41B;.</subfield>
    <subfield code="d">1950</subfield>
  </datafield>
  <datafield tag="215" ind1=" " ind2=" ">
    <subfield code="a">30 &#x441;.</subfield>
    <subfield code="c">&#x447;&#x435;&#x440;&#x442;.</subfield>
    <subfield code="d">19</subfield>
  </datafield>
  <datafield tag="300" ind1=" " ind2=" ">
    <subfield code="a">&#x41D;&#x430; &#x43E;&#x431;&#x43E;&#x440;&#x43E;&#x442;&#x435; &#x442;&#x438;&#x442;. &#x43B;. &#x441;&#x43E;&#x441;&#x442;.: &#x43A;&#x430;&#x43D;&#x434;. &#x442;&#x435;&#x445;&#x43D;. &#x43D;&#x430;&#x443;&#x43A; &#x425;.&#x41B;. &#x422;&#x440;&#x43E;&#x438;&#x446;&#x43A;&#x438;&#x439;</subfield>
  </datafield>
  <datafield tag="606" ind1=" " ind2=" ">
    <subfield code="a">&#x411;&#x435;&#x442;&#x43E;&#x43D;&#x43E;&#x43C;&#x435;&#x448;&#x430;&#x43B;&#x43A;&#x438; &#x43F;&#x435;&#x440;&#x435;&#x434;&#x432;&#x438;&#x436;&#x43D;&#x44B;&#x435;</subfield>
    <subfield code="x">&#x42D;&#x43A;&#x441;&#x43F;&#x43B;&#x443;&#x430;&#x442;&#x430;&#x446;&#x438;&#x44F;</subfield>
    <subfield code="2">psbo</subfield>
  </datafield>
  <datafield tag="702" ind1=" " ind2="1">
    <subfield code="a">&#x422;&#x440;&#x43E;&#x438;&#x446;&#x43A;&#x438;&#x439;</subfield>
    <subfield code="b">&#x425;.&#x41B;.</subfield>
    <subfield code="g">&#x425;&#x430;&#x43D;&#x430;&#x43D; &#x41B;&#x435;&#x43E;&#x43D;&#x442;&#x44C;&#x435;&#x432;&#x438;&#x447;</subfield>
    <subfield code="4">220</subfield>
  </datafield>
  <datafield tag="712" ind1="0" ind2="2">
    <subfield code="a">"&#x421;&#x442;&#x440;&#x43E;&#x439;&#x43C;&#x435;&#x445;&#x430;&#x43D;&#x438;&#x437;&#x430;&#x446;&#x438;&#x44F;", &#x442;&#x440;&#x435;&#x441;&#x442;</subfield>
    <subfield code="c">&#x41C;&#x43E;&#x441;&#x43A;&#x432;&#x430;</subfield>
    <subfield code="3">RU\NLR\AUTH\889989345</subfield>
    <subfield code="9">474198</subfield>
  </datafield>
  <datafield tag="801" ind1=" " ind2="0">
    <subfield code="a">RU</subfield>
    <subfield code="b">NLR</subfield>
    <subfield code="g">psbo</subfield>
  </datafield>
  <datafield tag="801" ind1=" " ind2="1">
    <subfield code="a">RU</subfield>
    <subfield code="b">ELAR</subfield>
    <subfield code="2">rusmarc</subfield>
  </datafield>
  <datafield tag="852" ind1=" " ind2=" ">
    <subfield code="a">NLR</subfield>
    <subfield code="j">&#x422;80 &#x413;-4/1450</subfield>
  </datafield>
  <datafield tag="942" ind1=" " ind2=" ">
    <subfield code="c">BOOK</subfield>
  </datafield>
  <datafield tag="980" ind1=" " ind2=" ">
    <subfield code="a">NB</subfield>
  </datafield>
  <datafield tag="995" ind1=" " ind2=" ">
    <subfield code="5">2013-10-26</subfield>
    <subfield code="b">NLR02</subfield>
    <subfield code="c">NLR02</subfield>
    <subfield code="e">RFS</subfield>
    <subfield code="f">7902469-10</subfield>
    <subfield code="k">&#x422;80 &#x413;-4/1450</subfield>
    <subfield code="o">0</subfield>
    <subfield code="r">BOOK</subfield>
    <subfield code="s">80_41450</subfield>
  </datafield>
</record>
